[Event "IECC M email"]
[Site "IECC email"]
[Date "2001.02.11"]
[Round "?"]
[White "Ahlers, Heinz W"]
[Black "Gifford, Alan"]
[Result "1-0"]
[WhiteElo "1357"]
[BlackElo "1284"]
[PlyCount "51"]
[EventDate "2001.??.??"]
[EventType "tourn (corr)"]
[EventRounds "6"]
[SourceTitle "Corr 2008"]
[Source "ChessBase"]
[SourceDate "2008.06.24"]
[SourceVersion "1"]
[SourceVersionDate "2008.06.24"]
[SourceQuality "1"]

1. e4 e5 2. Nf3 Nc6 3. Bb5 Bc5 4. c3 Nf6 5. 0-0 0-0 6. d4 Bd6 7. Bg5 a6 8. Bxc6 bxc6 9. dxe5 Rb8 10. exf6 Rxb2 11. fxg7 f6 12. gxf8Q+ Qxf8 13. Bc1 c5 14. Bxb2 Bb7 15. Qb3+ Kg7 16. Qxb7 c4 17. Qxa6 c6 18. Ba3 Bxa3 19. Nxa3 Qe8 20. Qxc4 d5 21. exd5 cxd5 22. Qxd5 Qc8 23. Rfe1 Qxc3 24. Re7+ Kg6 25. Qe4+ f5 26. Qe6+ 1-0